| 000 | 00734nam a2200205 a 4500 | ||
|---|---|---|---|
| 005 | 20230530063556.0 | ||
| 008 | 991125s1993 mx 000 0 spa u | ||
| 020 | _a9682958555 | ||
| 035 | _aUPN01000026691 | ||
| 049 | _aLTG | ||
| 050 | 4 |
_aLB1582 M6.3 _bG3 1993 |
|
| 245 | 0 | 0 |
_aGuerrero : _bhistoria y geografía : tercer grado / _cUrbano Bahena Salgado ... [et al.]. |
| 260 |
_aMéxico : _bSEP, Comisión Nacional de los Libros de Texto Gratuitos, _c1993. |
||
| 300 |
_a159 p. : _bil. col. |
||
| 650 | 7 |
_aEducación primaria _vLibros de texto _2 _914611 |
|
| 651 | 7 |
_aGuerrero _xDescripción y viajes _2 _918148 |
|
| 651 | 7 |
_aGuerrero _xHistoria _2 _918149 |
|
| 700 | 1 |
_aBahena Salgado, Urbano, _d1946- _ecoaut. _932258 |
|
| 905 | _aLibro | ||
| 999 |
_c26691 _d26691 |
||